000 00521nam a22001697a 4500
005 20170823123013.0
010 _aENG-120002
020 _c395.00
035 _aEN-103534
037 _bDBAD/PUB
082 _a581.3
245 _aA comprehensive dictionary of botany /
_cedited & compiler by James F. Norman
260 _aChandigarh - 17
_bK.C. Publishers
_c2012
270 _aS.C.O. 57-59, Sector-17C Basement
_bChandigarh - 17
300 _a200p. :
_c22cm(Hb)
_bill.
942 _2ddc
_cEN
_h581.3
_mCOM
999 _c143691
_d143691